000 01423nam a2200361 a 4500
001 ebr10671104
003 CaPaEBR
006 m u
007 cr cn|||||||||
008 100702s2010 nyua sb 001 0 eng d
010 _z 2010025654
020 _z9781617282867 (softcover)
020 _z9781614702290 (e-book)
040 _aCaPaEBR
_cCaPaEBR
035 _a(OCoLC)776163575
050 1 4 _aTA450
_b.H55 2010eb
082 0 4 _a620.1/1232
_222
100 1 _aHiki, Y.
_q(Yoshio),
_d1927-
245 1 0 _aMechanical vibration methods for studying physical properties of solid materials
_h[electronic resource] /
_cY. Hiki.
260 _aHauppauge, N.Y. :
_bNova Science Publishers,
_cc2010.
300 _a82 p. :
_bill.
490 1 _aMaterials science and technologies
504 _aIncludes bibliographical references and index.
533 _aElectronic reproduction.
_bPalo Alto, Calif. :
_cebrary,
_d2013.
_nAvailable via World Wide Web.
_nAccess may be limited to ebrary affiliated libraries.
650 0 _aGlass
_xMechanical properties.
650 0 _aGlass
_xFatigue.
650 0 _aVibration
_xMeasurement.
650 0 _aCrystallization.
655 7 _aElectronic books.
_2local
710 2 _aebrary, Inc.
830 0 _aMaterials science and technologies series.
856 4 0 _uhttp://site.ebrary.com/lib/rucke/Doc?id=10671104
_zAn electronic book accessible through the World Wide Web; click to view
999 _c162216
_d162216